<?xml version="1.0" encoding="UTF-8"?><?xml-stylesheet type="text/xsl" href="static/style.xsl"?><OAI-PMH xmlns="http://www.openarchives.org/OAI/2.0/" xmlns:xsi="http://www.w3.org/2001/XMLSchema-instance" xsi:schemaLocation="http://www.openarchives.org/OAI/2.0/ http://www.openarchives.org/OAI/2.0/OAI-PMH.xsd"><responseDate>2026-06-01T15:32:04Z</responseDate><request verb="GetRecord" identifier="oai:riuma.uma.es:10630/38561" metadataPrefix="marc">https://riuma.uma.es/rest/oai/request</request><GetRecord><record><header><identifier>oai:riuma.uma.es:10630/38561</identifier><datestamp>2026-02-03T11:12:07Z</datestamp><setSpec>com_10630_2254</setSpec><setSpec>col_10630_37953</setSpec></header><metadata><record xmlns="http://www.loc.gov/MARC21/slim" xmlns:dcterms="http://purl.org/dc/terms/" xmlns:doc="http://www.lyncode.com/xoai" xmlns:xsi="http://www.w3.org/2001/XMLSchema-instance" xsi:schemaLocation="http://www.loc.gov/MARC21/slim http://www.loc.gov/standards/marcxml/schema/MARC21slim.xsd">
   <leader>00925njm 22002777a 4500</leader>
   <datafield ind2=" " ind1=" " tag="042">
      <subfield code="a">dc</subfield>
   </datafield>
   <datafield ind2=" " ind1=" " tag="720">
      <subfield code="a">Rosales, José María</subfield>
      <subfield code="e">author</subfield>
   </datafield>
   <datafield ind2=" " ind1=" " tag="260">
      <subfield code="c">2024-11-28</subfield>
   </datafield>
   <datafield ind2=" " ind1=" " tag="520">
      <subfield code="a">This article explores causes and consequences of the declining funding chances of political theorizing with the aim of advancing measures to offset them. Major national and international research programmes growingly present challenges that require problem-solving strategies. Applied research disciplines are better fitted to tackle them than basic research disciplines to which political theo- rizing belongs. Drawing on the enlightening contribution of theory to political research and politics, it argues that the knowledge it produces can be shared across disciplinary boundaries if its scientific reliability is secured. With that aim, the article submits two practical suggestions: enriching normative accounts of politics with research historically and institutionally informed, and streamlining its enquiring capacity by exploring standard, modular and integrated interdisciplinary approaches.</subfield>
   </datafield>
   <datafield ind1="8" ind2=" " tag="024">
      <subfield code="a">José María Rosales, ‘On the Funding Chances of Political Theorizing’, Human Affairs, 35:1 (2025), 19–35; doi: 10.1515/humaff-2024-0082.</subfield>
   </datafield>
   <datafield ind1="8" ind2=" " tag="024">
      <subfield code="a">https://hdl.handle.net/10630/38561</subfield>
   </datafield>
   <datafield ind1="8" ind2=" " tag="024">
      <subfield code="a">10.1515/humaff-2024-0082</subfield>
   </datafield>
   <datafield tag="653" ind2=" " ind1=" ">
      <subfield code="a">Filosofía política</subfield>
   </datafield>
   <datafield ind2="0" ind1="0" tag="245">
      <subfield code="a">On the Funding Chances of Political Theorizing.</subfield>
   </datafield>
</record>
</metadata></record></GetRecord></OAI-PMH>